000 01841cam a2200337 a 4500
999 _c3843
_d3843
001 16880142
003 Nust
005 20180117090018.0
008 110719s2011 dcuab b 001 0 eng
010 _a 2011030307
020 _a9780815704119 (pbk. : alk. paper)
020 _a0815704119 (pbk. : alk. paper)
035 _a(OCoLC)ocn744527815
040 _aDLC
_cDLC
_dYDX
_dBTCTA
_dYDXCP
_dDBI
_dDLC
043 _aaz-----
050 0 0 _aHD9502.A782
_bE25 2011
082 0 0 _a333.790954
_223
100 1 _aEbinger, Charles K.
245 1 0 _aEnergy and security in South Asia :
_bcooperation or conflict? /
_cCharles K. Ebinger.
260 _aWashington, D.C. :
_bBrookings Institution Press,
_cc2011.
300 _axix, 224 p. :
_bill., maps ;
_c23 cm.
504 _aIncludes bibliographical references and index.
505 0 _aIntroduction to a region on edge -- India -- Pakistan -- Bangladesh -- Nepal and bhutan -- Energy challenges in the regional context -- Regional cooperation -- South asia's path forward.
520 _a"Argues that mistrust, ethnic and religious sectarianism, and political parochialism among the nations of South Asia, a region of strategic geopolitical importance, prevent the region from achieving energy security, which is crucial for economic development and political stability. Recommends measures to improve energy security through domestic policy reform and more effective bilateral and multilateral cooperation"--Provided by publisher.
650 0 _aPower resources
_zAsia, South.
650 0 _aEnergy policy
_zAsia, South.
906 _a7
_bcbc
_corignew
_d1
_eecip
_f20
_gy-gencatlg
942 _2ddc
_cBK